[Event "PCA-Wch Candidates m2"]
[Site "New York"]
[Date "1994.??.??"]
[Round "2"]
[White "Anand, Viswanathan"]
[Black "Romanishin, Oleg M"]
[Result "1-0"]
[WhiteElo "2715"]
[BlackElo "2585"]
[Annotator "Anand,V"]
[PlyCount "123"]
[EventDate "1994.06.??"]
[EventType "match"]
[EventRounds "7"]
[EventCountry "USA"]
[SourceTitle "CBM 042"]
[Source "ChessBase"]
[SourceDate "1994.10.01"]
[SourceVersion "1"]
[SourceVersionDate "1994.10.01"]
[SourceQuality "1"]

1. e4 {Wedberg} e5 2. Nf3 Nc6 3. Bb5 a6 4. Ba4 Nf6 5. O-O Be7 6. Re1 b5 7. Bb3
d6 8. c3 O-O 9. h3 Na5 10. Bc2 c5 11. d4 Bb7 12. d5 Nc4 13. b3 Nb6 14. a4 Bc8
15. Be3 (15. Nbd2 {Wedberg} g6 16. a5 Nbd7 17. Nf1 Nh5 18. Bh6 Re8 19. Qd2 Bf6
20. N1h2 Bg7 21. Bg5 f6 22. Be3 Qe7 23. g4 Nf4 24. Bxf4 exf4 25. Qxf4 Ne5 $44 {
Peng Xiaomin-Romanishin/Luzern/1993}) 15... bxa4 $1 $146 (15... Qc7 {
Khalifman-Romanishin}) (15... Qc7 {Wedberg} 16. Nbd2 g6 17. Qe2 Bd7 18. a5 Nc8
19. Nf1 Nh5 20. b4 Bf6 21. Qd2 Bg7 22. Ng3 Nf4 23. Rac1 Qd8 24. Bxf4 exf4 25.
Qxf4 Bxc3 26. bxc5 f6 27. c6 Be8 28. Red1 Qxa5 29. Nd4 Bb2 30. Rb1 Bxd4 31.
Rxd4 Qc3 32. Qd2 Qxd2 33. Rxd2 $16 {Khalifman,A-Romanishin,O/Belgrade/1993/1/
4-1/4/63}) 16. bxa4 Nc4 $1 $13 17. Bc1 Na5 18. Qd3 $5 c4 $2 {>< /^a3-f8} (18...
Qc7) 19. Qe2 Qc7 20. Ba3 $1 (20. Nbd2 {Wedberg} Rb8) 20... Nb3 $2 (20... Nh5 $5
21. Nxe5 (21. Nbd2 Nf4 22. Qf1 f5 $132) 21... Nf4 22. Qd1 $8 (22. Qd2 Bg5 $19)
22... Bxh3 23. g3 $1 {Wolff} (23. gxh3 $2 dxe5 24. d6 Qd7 25. dxe7 $2 Qxh3 26.
exf8=Q+ Rxf8 $19) 23... Ng6 24. Nxg6 hxg6 $13) (20... Re8 {Wedberg} 21. Nbd2
Bd7 22. Bb4 $14) 21. Bxb3 cxb3 22. Nbd2 $16 Bd7 (22... Qxc3 23. Nc4 $1 $16) (
22... a5 23. Qc4 $1 $16 (23. Nxb3 $6 Ba6 $14)) 23. Nxe5 $1 b2 $1 (23... Bxa4
24. Qc4 $1 $18 (24. Qc4 {Wedberg} Qa5 25. Nxb3 Bxb3 26. Qxb3 $18)) 24. Rab1
Bxa4 25. Qc4 $1 Qa5 26. Bb4 $1 (26. Nef3 Rfc8) 26... Qb6 (26... Qd8 {Wedberg}
27. Nc6 Bxc6 28. Qxc6 $16) 27. Qa2 (27. Nef3 $1 Rfc8 (27... a5 28. Ba3 $18) 28.
Qd3 a5 (28... Bb5 29. Qe3 Qxe3 30. Rxe3 $18) 29. Ba3 $18) (27. Rxb2 $2 {Wedberg
} dxe5 $19) 27... a5 $1 28. Nec4 (28. Ba3 $1) 28... Qc7 29. Bxd6 $6 (29. Ba3 $1
$18) 29... Bxd6 30. Qxa4 Bh2+ $1 31. Kh1 Rfe8 $1 32. f3 $1 {קe4} (32. Rxb2 $2
Nxd5 $1) (32. g3 Bxg3 33. fxg3 Qxg3 34. Re3 Qh4 $1 {/\ Nd5}) (32. Nf3 Nxe4 (
32... Rxe4 33. Rxe4 Nxe4 34. Rxb2 $1 $16) 33. Rxb2 (33. Nxh2 $6 Nxf2+ 34. Kg1
Nxh3+ 35. Kh1 $1 $10 (35. gxh3 $2 Qg3+ 36. Kf1 Qxh3+ 37. Kg1 Qg3+ 38. Kf1 Rxe1+
39. Rxe1 Qxe1+ 40. Kxe1 b1=Q+) (35. Kf1 Rxe1+ 36. Rxe1 b1=Q 37. Rxb1 Qxh2)))
32... Nh5 33. Nf1 Bg3 34. Re2 Rec8 35. Nce3 $1 Qxc3 36. Nf5 Qe5 37. Rexb2 $1 (
37. N5xg3 Nxg3+ 38. Nxg3 Rc1+ $1) 37... Bf4 38. Rb7 Bg5 39. d6 g6 40. d7 Rf8
41. Nd4 Ng3+ 42. Nxg3 Qxg3 43. Ne2 $1 Qf2 44. Nc3 $1 Bf4 45. Nd5 $18 Be5 46.
R7b3 $1 Qh4 (46... Qg3 $4 47. f4) 47. Rf1 {/\ f4} Ra7 48. f4 Bg7 49. Rfb1 $1 {
/\ Rb8} Raa8 (49... Qd8 50. Rb8 $1 Qxb8 (50... Qxd7 51. Rxf8+ Bxf8 (51... Kxf8
52. Rb8+ $18) 52. Nf6+ $18) 51. Rxb8 Rxb8 52. Ne7+ Kf8 53. Nc8 $1 $18) (49...
Rd8 50. Rb8 h5 51. Kh2 {/\ g3}) 50. Kh2 g5 51. Rg3 $1 h6 (51... gxf4 52. Rg4
Qd8 (52... Qf2 53. Qc6 $1 Rfd8 54. Rxg7+ Kxg7 55. Qf6+ Kg8 56. Ne7+ Kf8 57. Nf5
$18) 53. Qd4 f6 54. Nxf4 Kh8 55. Rxg7 $18) 52. Rf1 $1 (52. Rg4 Qf2) 52... Kh8
53. Rg4 Qh5 54. f5 Be5+ $8 55. Kh1 f6 (55... Rad8 56. f6 Qg6 57. Rf5 $18) 56.
Ne7 $1 Qf7 57. Ng6+ Kh7 58. Nxe5 $1 {>< Rg4} fxe5 59. Rg3 Rfd8 60. Rd1 Ra7 61.
Rgd3 g4 62. Qc6 $1 (62. Qc6 gxh3 (62... a4 63. Rd6 Qg7 64. Rg6 Qf8 65. Rdd6 $1
$18) 63. Rxh3 Qg7 64. Rd6 $18) 1-0

[Event "PCA-Wch Candidates m2"]
[Site "New York"]
[Date "1994.??.??"]
[Round "4"]
[White "Anand, Viswanathan"]
[Black "Romanishin, Oleg M"]
[Result "1/2-1/2"]
[WhiteElo "2715"]
[BlackElo "2585"]
[Annotator "Ftacnik,L"]
[PlyCount "64"]
[EventDate "1994.06.??"]
[EventType "match"]
[EventRounds "7"]
[EventCountry "USA"]
[SourceTitle "CBM 042"]
[Source "ChessBase"]
[SourceDate "1994.10.01"]
[SourceVersion "1"]
[SourceVersionDate "1994.10.01"]
[SourceQuality "1"]

1. e4 e5 2. Nf3 Nc6 3. Bb5 a6 4. Ba4 Nf6 5. O-O Be7 6. Re1 b5 7. Bb3 d6 8. c3
O-O 9. h3 Na5 10. Bc2 c5 11. d4 Bb7 12. d5 Nc4 13. b3 Nb6 14. a4 Bc8 15. Be3
bxa4 16. bxa4 Nc4 17. Bc1 Na5 18. Nbd2 (18. Qd3 Qc7 19. Be3 Bd7 20. Nbd2 Rfb8
$10) 18... Qc7 19. c4 Rb8 20. Ra2 g6 21. Bb2 Nh5 22. Bd3 Bd8 (22... Nf4 23. Bf1
) (22... Bd7 {/\ Rb7,Rfb8}) 23. Bc3 f6 24. Bf1 Qg7 25. Qc2 Rf7 (25... g5 $6 26.
Rb1 Rxb1 27. Qxb1 g4 28. hxg4 Bxg4 29. Nh4 $16) 26. Rb1 Rxb1 27. Qxb1 Rb7 28.
Rb2 Rxb2 29. Qxb2 Qb7 30. Qc2 (30. Qxb7 Nxb7 31. Be2 Nf4 32. Bd1 Ba5 $17) 30...
Nf4 31. Kh2 Bd7 32. Ne1 Be8 (32... Be8 33. g3 Nh5 34. Nd3 Qd7 35. Nb2 $10)
1/2-1/2

[Event "PCA-Wch Candidates m2"]
[Site "New York"]
[Date "1994.??.??"]
[Round "7"]
[White "Romanishin, Oleg M"]
[Black "Anand, Viswanathan"]
[Result "0-1"]
[WhiteElo "2585"]
[BlackElo "2715"]
[Annotator "Anand,V"]
[PlyCount "166"]
[EventDate "1994.06.??"]
[EventType "match"]
[EventRounds "7"]
[EventCountry "USA"]
[SourceTitle "CBM 042"]
[Source "ChessBase"]
[SourceDate "1994.10.01"]
[SourceVersion "1"]
[SourceVersionDate "1994.10.01"]
[SourceQuality "1"]

1. d4 Nf6 2. c4 g6 3. g3 Bg7 4. Bg2 d5 5. cxd5 Nxd5 6. e4 Nb6 7. Ne2 e5 $1 (
7... O-O) 8. d5 O-O 9. O-O c6 10. Nbc3 (10. Nec3 $5 {/\ a4,Na3}) 10... cxd5 11.
exd5 Bf5 12. Ne4 (12. b3 $5) 12... Bxe4 $1 13. Bxe4 Nc4 14. Qb3 Nd6 15. Bg2 Nd7
16. Bd2 {/\ Bb4,Qa3} (16. Be3 $1 Qa5 17. Rfc1 Rfc8 $14) 16... Nc5 $1 17. Qa3
Nce4 18. Bb4 $6 (18. Be1) 18... a5 $1 19. Be1 $6 (19. Bxe4 axb4 20. Qxb4 Ra6 $1
21. Nc3 Qb6 $1 $44) 19... Nc4 20. Qd3 Ned6 21. Bc3 e4 22. Qc2 (22. Bxe4 Nxb2
23. Bxb2 Bxb2 24. Rab1 Bg7 {/\ b5,Rc8}) 22... Bxc3 23. Qxc3 Re8 24. b3 Ne5 25.
Nd4 Rc8 $17 26. Qe3 Ng4 27. Qe2 Nf6 28. Rad1 Qb6 $6 (28... Nxd5 $1 29. Nb5 $140
Rc5 $1) 29. Nc2 Nb5 30. Qe3 Qd6 31. Rd2 Nxd5 32. Qh6 Qe5 33. Re1 Nbc3 $19 34.
Ne3 Nxe3 35. Qxe3 Qc5 36. Qf4 Re7 37. Qf6 b5 38. h4 Rce8 39. Qd4 Qxd4 40. Rxd4
Nxa2 $1 41. Rexe4 Rxe4 42. Bxe4 Nc1 $1 $19 43. Bf3 Nxb3 44. Rd7 Nc5 (44... Re5
$1 45. Bd5 Nc5 $1 46. Bxf7+ Kf8 47. Rc7 (47. Ra7 Re7 (47... a4 48. Ba2 b4 $1
$19)) 47... Ne6 $1 (47... Re7 48. Rxc5 Kxf7 49. Rxb5 Ra7 50. Rb3 a4 51. Ra3 Ke6
52. Kf1 Kd5 53. Ke2 Kc4 54. Kd2 Kb4 55. Ra1 a3 56. Kc2 Kc4 $1) 48. Bxe6 (48.
Rb7 Nd8) (48. Rd7 b4 49. Bxe6 (49. f4 Re4 50. Bxe6 (50. Ra7 b3 51. Bxe6 Rxe6
52. Rxa5 b2 $19) 50... Rxe6 51. Rd5 a4 $19)) 48... Rxe6 49. Rxh7 Re1+ 50. Kg2
a4 $19) 45. Ra7 a4 46. Bd5 Ne6 $2 (46... Re5 $1 47. Bxf7+ (47. Ba2 b4 48. Bxf7+
Kf8 49. Bc4 b3 $19) 47... Kf8 48. Ba2 b4 49. Bc4 b3 $19) 47. Rb7 Rd8 48. Ba2 $1
(48. Bxe6 $2 fxe6 49. Rxb5 Ra8 $1 $19) 48... Rd2 $2 (48... Nd4 $1 49. Bxf7+ Kf8
50. Ba2 $17) 49. Bxe6 fxe6 50. Rxb5 $15 a3 51. Ra5 a2 52. Kg2 Kf7 53. g4 Ke7
54. Kf3 Kd6 55. Ke3 Rb2 56. f3 Kc6 57. Kd3 Kb6 58. Ra8 Kc5 59. Rc8+ Kd5 60. Ra8
Rh2 (60... Rf2 $1 $17 61. Ke3 $140 Rh2) 61. Ra5+ Kc6 62. Kc4 Kb6 63. Ra8 Rf2
64. h5 gxh5 65. gxh5 Rh2 66. h6 Rc2+ 67. Kd3 Rf2 68. Kc4 Rxf3 69. Rxa2 Rf4+ 70.
Kd3 Rh4 71. Rc2 Rxh6 72. Ke4 Rg6 73. Ke5 $2 (73. Rc8 $1 $10 h5 $2 74. Rh8 Rg5
75. Rh6 $1 $10) 73... h5 74. Rh2 Rh6 75. Kf4 Kc5 76. Kg5 Rh8 77. Kf6 Kd5 78.
Kg7 Ra8 $2 (78... Re8 $1) 79. Rxh5+ e5 80. Kf6 Rf8+ 81. Kg5 e4 82. Kg4+ Kd4 83.
Rh7 $4 {(+)} (83. Ra5 $1 $10) 83... e3 0-1

[Event "PCA/Intel-GP"]
[Site "London"]
[Date "1994.??.??"]
[Round "4"]
[White "Anand, Viswanathan"]
[Black "Ivanchuk, Vassily"]
[Result "1-0"]
[WhiteElo "2720"]
[BlackElo "2695"]
[PlyCount "84"]
[EventDate "1994.08.??"]
[EventType "k.o. (rapid)"]
[EventRounds "4"]
[EventCountry "ENG"]
[SourceTitle "CBM 042 Extra"]
[Source "ChessBase"]
[SourceDate "1994.11.01"]
[SourceVersion "1"]
[SourceVersionDate "1994.11.01"]
[SourceQuality "1"]

1. e4 c6 2. Nc3 d5 3. d4 dxe4 4. Nxe4 Nd7 5. Bc4 Ngf6 6. Ng5 e6 7. Qe2 Nb6 8.
Bb3 h6 9. N5f3 c5 10. Bf4 Nbd5 11. Be5 Qa5+ 12. Nd2 b5 13. dxc5 Bxc5 14. Ngf3
O-O 15. O-O-O Bb7 16. g4 Nd7 17. g5 Nxe5 18. Nxe5 Nc3 19. Qg4 Nxa2+ 20. Bxa2 h5
21. Qxh5 Qxa2 22. Nb3 Bxf2 23. Rd3 Rac8 24. Rh3 Rxc2+ 25. Kxc2 Rc8+ 26. Kd1
Qb1+ 27. Ke2 Qe4+ 28. Kxf2 Rc2+ 29. Kf1 Qf4+ 30. Nf3 Kf8 31. g6 Qc4+ 32. Kg1
Qxb3 33. Qe5 Rc1+ 34. Kf2 Qc2+ 35. Ke3 Qb3+ 36. Ke2 Qc4+ 37. Kf2 Qc2+ 38. Ke3
Qb3+ 39. Kf4 Rc4+ 40. Nd4 Qxh3 41. Qb8+ Rc8 42. Qd6+ Kg8 {Black lost on time}
1-0

[Event "PCA/Intel-GP"]
[Site "London"]
[Date "1994.??.??"]
[Round "4"]
[White "Ivanchuk, Vassily"]
[Black "Anand, Viswanathan"]
[Result "1/2-1/2"]
[WhiteElo "2695"]
[BlackElo "2720"]
[PlyCount "108"]
[EventDate "1994.08.??"]
[EventType "k.o. (rapid)"]
[EventRounds "4"]
[EventCountry "ENG"]
[SourceTitle "CBM 042 Extra"]
[Source "ChessBase"]
[SourceDate "1994.11.01"]
[SourceVersion "1"]
[SourceVersionDate "1994.11.01"]
[SourceQuality "1"]

1. e4 c5 2. Nf3 Nc6 3. Bb5 g6 4. Bxc6 dxc6 5. d3 Bg7 6. h3 Nf6 7. Nc3 O-O 8.
Be3 b6 9. Qd2 e5 10. Bh6 Qe7 11. O-O-O Nh5 12. Bxg7 Kxg7 13. Ne2 Qf6 14. Qe3
Be6 15. Kb1 Nf4 16. Nxf4 Qxf4 17. Qxf4 exf4 18. d4 cxd4 19. Nxd4 c5 20. Nxe6+
fxe6 21. Rd7+ Rf7 22. Rhd1 Raf8 23. e5 g5 24. R1d6 Rxd7 25. Rxd7+ Rf7 26. Rd6
Re7 27. g4 fxg3 28. fxg3 g4 29. hxg4 Kh6 30. Rd8 Rg7 31. Re8 Rxg4 32. Rxe6+ Rg6
33. Rd6 Kg5 34. e6 Kf6 35. Rd7 h6 36. Rxa7 Kxe6 37. a4 Kd5 38. Ra6 Re6 39. Ka2
h5 40. Kb3 Re3+ 41. c3 Kc6 42. a5 Kb5 43. Rxb6+ Kxa5 44. Rg6 Kb5 45. Rg5 Rf3
46. Kc2 Kc6 47. b4 cxb4 48. cxb4 Rf2+ 49. Kc3 Rh2 50. Kc4 Rc2+ 51. Kd4 Rh2 52.
Ke5 Kb5 53. Kf6+ Kxb4 54. Kg6 Rh3 1/2-1/2

[Event "PCA-Wch Candidates sf2"]
[Site "Linares"]
[Date "1994.??.??"]
[Round "1"]
[White "Anand, Viswanathan"]
[Black "Adams, Michael"]
[Result "1-0"]
[WhiteElo "2720"]
[BlackElo "2640"]
[Annotator "Anand,V"]
[PlyCount "77"]
[EventDate "1994.09.??"]
[EventType "match"]
[EventRounds "7"]
[EventCountry "ESP"]
[SourceTitle "CBM 043"]
[Source "ChessBase"]
[SourceDate "1994.12.01"]
[SourceVersion "1"]
[SourceVersionDate "1994.12.01"]
[SourceQuality "1"]

1. e4 {Ftacnik} Nf6 2. e5 Nd5 3. d4 d6 4. Nf3 dxe5 5. Nxe5 g6 6. g3 $5 (6. Bc4
c6) 6... Bg7 7. Bg2 O-O (7... Nb4 8. Nf3 (8. Na3 Bxe5 9. dxe5 Qxd1+ 10. Kxd1
N8c6 $13 {/\ Bg4+})) 8. O-O c6 (8... Nb4 9. Nf3 Bf5 10. Na3 {/\ c3+/=}) 9. Re1
Bf5 10. c3 (10. c4 $6 Nb4 11. Na3 (11. Re2 Nxa2) 11... a5 $1) 10... Nd7 11. Nf3
Re8 12. Nbd2 N7f6 $6 (12... e5 $1 13. Nc4 Qc7 $1 (13... exd4 14. Rxe8+ Qxe8 15.
Nd6 (15. Nxd4 Bxd4 (15... Be6 16. Nd6) 16. Qxd4 (16. cxd4 Qe6) 16... Qe1+ 17.
Bf1 N7f6) 15... Qe6 16. Nxf5 Qxf5 17. Nxd4 $14) (13... Bg4 {Ftacnik} 14. dxe5 (
14. Nd6 Re6 15. Nxb7 Qb6 16. Qb3 Bxf3 17. Bxf3 exd4 18. Rxe6 fxe6 $13) 14...
Nxe5 15. Ncxe5 Rxe5 16. Rxe5 Bxe5 17. Qb3 $1 (17. h3 Bxf3 18. Qxf3 Qb6 $10)
17... Bxf3 18. Bxf3 Nb6 19. Be3 $10) 14. dxe5 Nxe5 (14... Bg4 15. Bf4 Bxf3 16.
Bxf3 $14) 15. Ncxe5 Bxe5 16. c4 (16. Nxe5 Rxe5 17. Rxe5 Qxe5 {>< Bc1}) 16...
Nb4 17. Rxe5 Rxe5 18. Bf4 Nd3 $14 19. Nxe5 Nxe5 20. Qd4 $14) 13. Nc4 $14 Qc7
14. Nce5 (14. Qb3 $1 Rad8 15. Nce5) 14... Ng4 $1 (14... Nd7 15. Nxf7 $5 Kxf7
16. g4 e6 17. gxf5 exf5 $16) (14... b5 {Ftacnik} 15. a4 $14) 15. Nh4 Nxe5 16.
Nxf5 gxf5 (16... Nc4 {Ftacnik} 17. Nxg7 Kxg7 18. b3 $16) 17. dxe5 e6 (17...
Bxe5 {Ftacnik} 18. Bxd5 cxd5 19. Qxd5 Bg7 20. Qxf5 $16) 18. Qe2 {^^} Ne7 19. f4
(19. c4 c5 {/\ Nc6}) (19. Bg5 Ng6 20. f4 $140 h6) 19... Nd5 20. c4 Ne7 21. Be3
Rad8 22. b4 Rd7 23. Qf2 Nc8 $1 (23... b6 24. a4 $1 {/\ a5}) 24. a4 (24. Bxa7 $2
{Ftacnik} b6) (24. Red1 {Ftacnik} Red8 25. Rxd7 Rxd7 26. a4 $16) 24... Red8 25.
a5 f6 $1 26. exf6 Bxf6 27. Rab1 (27. Rac1 Rd3 {/\ Bc3}) 27... Bc3 28. Rf1 (28.
Rec1 Bd2 $1) 28... Rd3 29. Kh1 (29. Bxa7 $4 {Ftacnik} Nxa7 30. Qxa7 Bd4+ $19)
29... Bd4 30. Bxd4 R3xd4 $6 (30... R8xd4 $1 $14 {/\ Qd7 <-> `d'} 31. c5 {
Ftacnik} (31. Rfc1 Nd6) 31... a6 32. Qe2 Qd7 33. Rfe1 Ne7 34. Qxe6+ Qxe6 35.
Rxe6 Rd1+ 36. Re1 Rxe1+ 37. Rxe1 Rxb4 $10) 31. Rfe1 $2 (31. Bd5 $1 R4xd5 32.
cxd5 exd5 $16 {/\ Nd6-e4}) 31... Qf7 $2 (31... Rxc4 $1 32. Rxe6 (32. Qe2 {
Ftacnik} Rcd4 33. Qxe6+ Qf7 34. Qxf7+ Kxf7 35. a6 bxa6 36. Bxc6 $16) 32... Qd7
$14) 32. Bd5 $1 Qg7 $2 (32... R4xd5 33. cxd5 exd5 (33... cxd5 {Ftacnik} 34. Qe3
$16) 34. Re5 $16) 33. Re5 $1 $18 (33. Bxe6+ {Ftacnik} Kh8 34. Bxf5 $18) 33...
R4xd5 34. cxd5 cxd5 (34... exd5 35. g4 $5 $40 (35. Rxf5 $18)) 35. g4 $1 Ne7 (
35... fxg4 {Ftacnik} 36. Rg5 $18) 36. Rxe6 (36. gxf5 exf5 37. Rg1 Ng6 38. Rxf5
$18) 36... fxg4 37. Qh4 Rd7 38. Rbe1 Kf8 (38... Nf5 39. Qh5 Qf7 40. Qg5+ $18) (
38... Ng6 {Ftacnik} 39. Qxg4 $18) 39. f5 (39. f5 {Ftacnik} Nxf5 40. Rf6+ Rf7
41. Rxf5 Rxf5 42. Qd8+ Kf7 43. Re7+ $18) 1-0

[Event "PCA-Wch Candidates sf2"]
[Site "Linares"]
[Date "1994.??.??"]
[Round "3"]
[White "Anand, Viswanathan"]
[Black "Adams, Michael"]
[Result "1-0"]
[WhiteElo "2720"]
[BlackElo "2640"]
[Annotator "Anand,V"]
[PlyCount "71"]
[EventDate "1994.09.??"]
[EventType "match"]
[EventRounds "7"]
[EventCountry "ESP"]
[SourceTitle "CBM 043"]
[Source "ChessBase"]
[SourceDate "1994.12.01"]
[SourceVersion "1"]
[SourceVersionDate "1994.12.01"]
[SourceQuality "1"]

1. e4 {Ftacnik} e5 2. Nf3 Nc6 3. Bb5 a6 4. Ba4 Nf6 5. O-O Be7 6. Re1 b5 7. Bb3
d6 8. c3 O-O 9. h3 Be6 10. d4 Bxb3 11. axb3 exd4 12. cxd4 d5 13. e5 Ne4 14. Nc3
f5 15. exf6 Bxf6 16. Nxe4 dxe4 17. Rxe4 Qd5 18. Rg4 h5 19. Rf4 Rad8 (19... g5
$2 20. Nxg5 $1 Bxg5 (20... Qxg5 21. Rg4 hxg4 22. Bxg5 Bxg5 23. Qxg4 $18) 21.
Qxh5 $1 $18) 20. Be3 Nb4 (20... g5 21. Rxf6 Rxf6 22. Bxg5 $18) 21. Qb1 Qxb3 22.
Rf5 Qc2 (22... Rd5 23. Ra3 $1 (23. Nd2 Qc2 24. Qxc2 Nxc2 25. Rxd5 Nxa1 26. Rc5
Rd8 $1 27. Rc1 $140 Bxd4) 23... Qc4 24. Rc3 Qe2 25. Rxc7 $16) (22... g6 23. Rg5
$1 $18) (22... Qf7 23. Ng5 Qg6 (23... Qe7 24. Re5 $18) (23... Qb3 24. Rxb5 Bxg5
25. Rxg5 $16) 24. Ne6 $16) (22... Nc2 $5 23. Rxa6 Nxe3 24. fxe3 Qxe3+ 25. Kh1
$14) 23. Qxc2 Nxc2 24. Rxa6 Rfe8 (24... Nxd4 $2 25. Rfxf6 $18) 25. Bg5 Bxg5 26.
Rxg5 Nxd4 27. Nxd4 (27. Nh4 Re1+ 28. Kh2 Re2) 27... Rxd4 28. Rc6 $1 (28. Rag6
Re7 29. Rxb5 Kh7 30. Rc6 g6 31. Rbc5 Rdd7 32. b4 $16) (28. Rxh5 $2 {Ftacnik}
Rb4 29. Rc5 Re7 30. Rc2 c5 $10 {Anand,V-Sharif,Me/ Oviedo 25 (04)/ 1993/1/2-1/
2/ ;EXP 38}) 28... Re7 (28... Rd2 {Ftacnik} 29. Rxc7 $18) (28... Rc4 {Ftacnik}
29. Rxc4 bxc4 30. Rxh5 Re1+ 31. Kh2 Re2 32. Kg3 Rxb2 33. Rc5 Rc2 34. Rxc7 $18)
29. Rxb5 $1 {קh4} (29. Rxh5 {Ftacnik} b4 (29... Rb4 30. Rc2 Re1+ 31. Kh2 Rb1
32. Rhc5 R4xb2 33. Rxc7 $18) 30. b3 $1 Rd3 31. Rhc5 Rxb3 32. Rxc7 $18) 29... h4
$8 (29... Rd1+ {Ftacnik} 30. Kh2 Rd2 31. f3 $5 (31. f4 Ree2 32. Rg5 Rd7 33. b3
$16) 31... Ree2 32. Rg5 $18) 30. Kh2 $1 (30. f3 $4 Rd1+ 31. Kf2 Rd2+ $10) 30...
Rd2 31. f3 Rf7 (31... Ree2 32. Rg5) (31... Re1 32. Rc4 $18) 32. Rc3 Rf6 33. Rg5
(33. Rxc7 {Ftacnik} Rxf3 (33... Rg6 34. Rc8+ Kh7 35. Rh5+) 34. Rb8+ Kh7 (34...
Rf8 35. Rbb7 $18) 35. Rb4 Kg8 36. Rg4 Rf7 37. Rxf7 Kxf7 38. b4 $18 Kf6) 33...
c6 (33... Rxb2 34. Rxc7 g6 35. Rg4 $1 {/\ Rc3} Rb5 36. Rxh4 $18) 34. b4 Rd4 35.
Rg4 Rfd6 (35... Rxg4 36. hxg4 g5 37. Rc5 Rg6 38. Rf5 Kg7 (38... Kh7 {Ftacnik}
39. Kh3 Kh6 40. f4 gxf4 41. Rxf4 $18) 39. Kh3 Kg8 40. f4 $18) 36. Rxc6 $1 (36.
Rxc6 Rxg4 37. Rc8+ $18 (37. Rc8+ {Ftacnik} Kf7 38. hxg4 Rb6 39. Kh3 g5 40. Rc5
Kf6 41. b5 $18)) 1-0

[Event "PCA-Wch Candidates sf2"]
[Site "Linares"]
[Date "1994.??.??"]
[Round "6"]
[White "Adams, Michael"]
[Black "Anand, Viswanathan"]
[Result "1/2-1/2"]
[WhiteElo "2640"]
[BlackElo "2720"]
[Annotator "Anand,V"]
[PlyCount "71"]
[EventDate "1994.09.??"]
[EventType "match"]
[EventRounds "7"]
[EventCountry "ESP"]
[SourceTitle "CBM 043"]
[Source "ChessBase"]
[SourceDate "1994.12.01"]
[SourceVersion "1"]
[SourceVersionDate "1994.12.01"]
[SourceQuality "1"]

1. e4 {Huebner Ftacnik} e5 2. d4 exd4 3. Qxd4 Nc6 4. Qe3 Nf6 5. Bd2 (5. Nc3 Bb4
6. Bd2 O-O 7. Qg3 Re8 8. Nf3 d5 9. O-O-O $36 {Morozevich-Hebden/Lloyds Bank op/
1994/}) 5... Be7 (5... Bb4 $5) 6. Nc3 d5 (6... O-O 7. Bc4 (7. O-O-O {Ftacnik}
d5 {Huebner: Mieses-Alekhine/Scheveningen/1913/ ;CBM 15})) 7. exd5 Nxd5 (7...
Nb4 8. O-O-O) 8. Qg3 $1 (8. Nxd5 Qxd5 9. Ne2 Bg4 $10) 8... Nxc3 $6 (8... O-O 9.
Bh6 Bf6 10. O-O-O Be6 $1 (10... Bxc3 11. bxc3 Qf6 12. Bxg7 Qxg7 13. Qxg7+ Kxg7
14. Rxd5 $14) (10... Nd4 11. Bxg7 Bxg7 12. Rxd4 $16) 11. Ne4 Kh8 $10) (8... Bd6
$142 $1 {Huebner: W-Bier/Hamburg/1915/0-1/21 ; TOP}) 9. Bxc3 Bf6 10. Bxf6 Qxf6
11. O-O-O O-O 12. Nf3 (12. Qxc7 Qxf2) (12. Bd3 $6 {Huebner: W-Bier/Hamburg/
1915/0-1/21 ;TOP}) 12... Bf5 $6 (12... Be6 13. a3 (13. Qg5 $10 {Ftacnik}) 13...
Rac8) 13. Qf4 $1 (13. Qxc7 $2 {Ftacnik} Rfc8 14. Qf4 (14. Qxb7 $2 Rab8 15. Qa6
Qxb2+) 14... Nb4 15. Bc4 (15. Qxb4 Rxc2+ 16. Kb1 Rxb2+) 15... Nxa2+ 16. Kd2 (
16. Kb1 Bxc2+ $19) 16... Rd8+ $19) 13... Rae8 (13... Qe6 14. Bc4 Qe4 15. Qxe4
Bxe4 16. Rd7 Rac8 17. Re1 Bxf3 18. gxf3 Nb8 $14) 14. Bd3 Bxd3 (14... Bg6 $2 15.
Qxf6 gxf6 16. Bb5 $1 $16) 15. Qxf6 gxf6 16. Rxd3 Re2 $1 17. Rd2 (17. Rd7 Rxf2 (
17... Rc8 18. Rf1 Ne5 (18... Ne5 {Ftacnik} 19. Nxe5 fxe5 20. Kd1 Re4 21. f3 $14
)) 18. Rxc7 Rb8 $132 (18... Rxg2 19. Rxb7 $14)) 17... Rxd2 18. Kxd2 Rd8+ $1 (
18... Nb4 19. a3 Rd8+ 20. Kc1 $1 $14 (20. Kc3 Nd5+ {/\ Nf4-e6})) 19. Kc3 Rd5
20. b4 Nd8 21. a4 Ne6 (21... a5 $1 22. Kc4 c6) 22. a5 Kf8 23. Re1 Ke7 24. Re4
b6 (24... a6 $10) 25. Nd4 Kd6 26. a6 $6 f5 $1 27. Rh4 Nxd4 28. Rxd4 c5 $2 (
28... Rxd4 $1 {Filipowicz,A} 29. Kxd4 c5+ 30. bxc5+ (30. Kc4 cxb4 31. Kxb4 Kc6
{/\ b5} 32. c4 f4 $17) 30... bxc5+ 31. Kc4 Kc6 32. f4 Kb6 33. Kd5 c4 (33...
Kxa6 34. Kc6 (34. Kxc5 Kb7 35. Kd6 a5 36. c4 a4 (36... Kc8 37. Kc5) 37. Kd7 $1
Kb6 38. Kd6 a3 (38... Kb7 39. Kd7 $10) 39. c5+ Ka7 40. c6 a2 41. c7 a1=Q 42.
c8=Q) 34... c4) 34. Kxc4 (34. c3 Kxa6 35. Kc6 f6 36. g3 h6 37. h3 h5 38. h4 Ka5
39. Kc5 Ka4 40. Kxc4 a5 41. Kd5 Kb3 42. c4 a4 43. c5 a3 44. c6 a2 45. c7 a1=Q
46. c8=Q) 34... Kxa6 35. Kd5 $10) 29. bxc5+ Kxc5 30. Rh4 $1 Kd6 31. Rxh7 Ke7
32. Rh5 Rc5+ 33. Kb3 Rb5+ 34. Ka3 Rc5 35. Kb3 (35. h4 $5 Ke6) 35... Rb5+ 36.
Kc4 1/2-1/2